Statistics for Mortal Kombat 11 characters quiz

Click here to take the quiz!

General Stats

  • This quiz has been taken 31 times
  • The average score is 13 of 15

Answer Stats

HintsAnswer% Correct
elder godraiden
100%
firescorpion
100%
icesub zero
100%
martial arts film starjohnny cage
92%
Australian leader of the black dragonkano
88%
new kahn of out worldkotal kahn
88%
main heroliu kang
88%
daughter of johnny cagecassie cage
85%
has metal fans as her weaponskitana
85%
old kahn of out world and the person who killed king jerrod and took over edeniashao kahn
85%
wife of above charactersonya blade
81%
tarkatan leaderbaraka
77%
bi- han or old sub zeronoob saibot
77%
main villiankronika
69%
personal body guard and best friend of kitanajade
65%

Score Distribution

Percentile by Number Answered

Percent of People with Each Score

Your Score History

You have not taken this quiz